| 000 | 00661nam a22002057a 4500 | ||
|---|---|---|---|
| 003 | OSt | ||
| 005 | 20250127164915.0 | ||
| 008 | 250127b |||a|||| |||| 00| 0 spa d | ||
| 020 | _a9681801458 | ||
| 037 | _bDonación | ||
| 040 |
_aCo-JMCR _bspa _cCo-JMCR _dCo-JMCR _erda |
||
| 041 | 0 | 0 | _aspa |
| 082 | 0 | 4 |
_a512.9434 _223 _bK63m |
| 100 | 1 |
_aKleiman, Ariel _9122819 _eautor |
|
| 245 | 1 | 0 |
_aMatrices : _bAplicaciones matemáticas en economía y administración / _cAriel Kleiman y Elena K. de Kleiman |
| 260 |
_aMéxico D.F. : _bLimusa, _c2002. |
||
| 300 |
_a399 páginas: _bIlustraciones; _c23 cm. |
||
| 700 | 1 | 0 |
_aKleiman, Elena K. de _9122820 _eautora |
| 942 |
_cBK _2ddc |
||
| 999 |
_c30924 _d17308 |
||